| 000 | 00904nam a22002177a 4500 | ||
|---|---|---|---|
| 999 |
_c1763 _d1763 |
||
| 003 | OSt | ||
| 005 | 20210630064937.0 | ||
| 008 | 210630b ||||| |||| 00| 0 eng d | ||
| 020 | _a9780071638272 | ||
| 040 |
_cALUPE UNIVERSITY _dALUPE UNIVERSITY |
||
| 050 |
_a QP514 _b .R62 2009 |
||
| 100 |
_aMurray, Robert K _d. (Robert Kincaid), 1932- |
||
| 245 |
_aHarper's illustrated biochemistry _bHarper's illustrated biochemistry |
||
| 250 |
_a 28th ed _b 28th ed |
||
| 260 |
_a: New York, N.Y. ; London , _b: McGraw-Hill Medical _cc2009 |
||
| 300 |
_axii, _b 818 pages: _cillustrations _g 28 cm |
||
| 500 | _aINDEX | ||
| 600 | _2 Biochemistry | Clinical biochemistry | Biochemistry | Metabolism | Molecular Biology | ||
| 700 |
_aA.Bender,Kathleen M,Botham,Peter J.Kenelly,Victor W.Rodwell,P Anthony Weil. _dA.Bender,Kathleen M,Botham,Peter J.Kenelly,Victor W.Rodwell,P Anthony Weil. |
||
| 942 |
_2lcc _cBK _nDO |
||